Marvel SCHURKEN - Statistiken

Allgemein
  • Dieses Quiz wurde 498 mal gespielt
  • Das Durchschnittsergebnis liegt bei 11 aus 56
Antwortstatistiken
Merkmal Schurke % Korrekt
ist ein bösartiger, unsterblicher Krieger, der erstmals in einer zusammengefassten Story in Iron Man #55 (Februar 1973), Captain Marvel vol.1 #25–33 (1972–1974), Daredevil vol.1 #107 (1974) und Avengers vol.1 #125 (1974) auftritt. Er ist der Abkomme eines irdischen Eternals und einer humanoiden Alienfrau, der letzten Überlebenden einer Kolonie auf dem Saturnmond Titan, besitzt aber dominante Deviantengene (siehe Skrulls für eine Erläuterung der Begriffe Devianten und Eternals) Thanos
75%
Gott der Lügen und der Streiche und Thors Bruder (in den Mythen dagegen Odins Blutsbruder) Loki
74%
Wie Captain America hat Schmidt den Zweiten Weltkrieg überlebt. Der ehemalige, skrupellose Nazi-Befehlshaber, dessen Bekämpfung der eigentliche Grund für die „Geburt“ Captain Americas gewesen war, strebt noch immer nach der Weltherrschaft. Er ist ein hochintelligenter, manipulativer und gewissenloser Taktiker, der meist im Hintergrund agiert und einflussreiche Freunde in aller Welt hat. Anfangs trug er eine rote Totenkopfmaske. Später wurde sein Gesicht jedoch bei einem Kampf mit Captain America durch den von ihm selbst entwickelten „Todesstaub“ zu einem tatsächlichen „Totenschädel“ entstellt Red Skull
73%
entstand als er ein Serum trank, das ihm übermenschliche Kraft verleihen sollte. Er ist ein Erzfeind vom Hulk und stärker als dieser, nicht sehr intelligent und hat einen stinkenden Atem. Er wurde vom Red Hulk getötet Abomination
51%
ist die Verbindung des Reporters Eddie Brock und eines außerirdischen Symbionten. Er wirkt wie eine größere, stärkere Version von Spider-Man in seinem schwarzen Kostüm. Spider-Man hatte den Symbionten ursprünglich von Battleworld, der Welt des Beyonder als vermeintliches Kleidungsstück mitgebracht und erst später gemerkt, dass der Anzug Intelligenz besitzt, sich von der Lebensenergie seines Wirts ernährt und mit ihm verschmelzen wollte, um das Adrenalin, das Spider-Man bei Benutzung seiner Superkräfte freisetzt, als Nahrung aufzunehmen Venom
48%
wurde von Dr. Hank Pym entwickelt, um einen Meilenstein in Sachen künstlicher Intelligenz zu schaffen. Doch etwas ging bei seiner Programmierung schief und er entwickelte einen Gotteskomplex sowie einen großen Hass auf seine Schöpfer und die Menschheit. Unter dem Decknamen Crimson Cowl gründete ***** die ersten „Masters of Evil“ und hetzte sie gegen die Avengers. Er ist der Erzfeind der Avengers Ultron
46%
ist einer der wiederkehrenden Gegner Spider-Mans. Er hatte sein Debüt in Amazing Spider-Man # 4 im Jahre 1963. Als William Baker aus dem Gefängnis ausgebrochen war, suchte er in einer Militärbasis am Strand Unterschlupf. Als ein Nuklearreaktor explodierte, wurde er ohne jeglichen Schutz verstrahlt; als er wieder zu sich kam, musste er feststellen, dass sich sein Körper drastisch verändert hatte. ****** besitzt übermenschliche Kräfte und kann seinen gesamten Körper in Sand verwandeln Sandman
37%
Als der Elektriker Max Dillon während der Arbeit vom Blitz getroffen wird, gewinnt er die Fähigkeit, nahezu unbegrenzte Mengen Elektrizität aufzunehmen bzw. zu erzeugen und in Form von Blitzen wieder abzugeben Electro
36%
zeitweise der größte Verbrecherboss von New York. Ursprünglich eingeführt als Gegner von Spider-Man (in Amazing Spider-Man # 50 von Juli 1967), entwickelte er sich rasch zu einer Nemesis von Daredevil Kingpin
34%
ein psychopathischer Serienkiller, der New York terrorisiert, bis er von Spider-Man gestellt wird und ins Gefängnis kommt. Sein Zellengenosse ist Eddie Brock, auch bekannt als Venom. Als Brock sich wieder mit seinem Symbionten verbindet und aus dem Gefängnis ausbricht, lässt der Symbiont einen Teil seiner selbst in der Gemeinschaftszelle zurück. Dieser kleine Tropfen vereinigt sich mit Kasadys Blutkreislauf und er wird zum mörderischen ****** Carnage
33%
einer der mächtigsten Feinde von Doctor Strange. Er und seine Schwester Umar gingen aus extradimensionalen Energiewesen hervor. Sie wurden verbannt, nachdem sie ihren Vorfahren, Sinifer, vernichtet hatten. Sie übernahmen wenig später die sogenannte Dunkle Dimension (Inzwischen streiten sie jedoch um die Vorherrschaft) Dormammu
33%
die lange geheim gehaltene Identität von Bruce Banners langjähriger Nemesis General Thaddeus „Thunderbolt“ E. Ross. Er wurde von General Ross unter Mithilfe verschiedener prominenter Wissenschaftler – unter ihnen Doc Samson und Leader – im Rahmen eines Programmes zur Erschaffung von „Supersoldaten“ geschaffen. Seine Fähigkeiten entsprechen im Wesentlichen denen des Grünen/Savage Hulk, mit dem wesentlichen Unterschied, dass er bei weiterer Verärgerung nicht stärker wird, dafür aber enorme Hitze abstrahlt und eine durchschnittliche Intelligenz, gepaart mit einem militärisch geschulten Denken, beibehält Red Hulk
30%
erfolgreicher Wissenschaftler und guten Freund von Peter Parker. Nachdem er einen Arm verloren hat, experimentiert er an Reptilien, die ihre verlorenen Gliedmaßen regenerieren können. Sein Ziel ist es, ein Mittel zu entwickeln, das auch bei Menschen Gliedmaßen nachwachsen lässt. Auf diesen Forschungen basierend schafft er ein Mittel, das er sich selbst injiziert Die Echse
28%
ein glänzender Wissenschaftler und fähiger Magier, der aufgrund eines schrecklichen Unfalls sein Gesicht hinter einer eisernen Maske verbirgt. Er trägt eine Rüstung, die mit höchstentwickelter Technik versehen und Iron Mans Rüstung ebenbürtig ist. Er ist der rechtmäßige Monarch und Herrscher über den osteuropäischen Staat Latveria Dr. Doom
28%
ein kosmisches Wesen im Marvel-Universum. Er reist durch die Galaxis und ernährt sich von der Energie geeigneter Planeten, die er mit Hilfe seiner Herolde aufspürt. Der bekannteste dieser Herolde ist der Silver Surfer Galactus
28%
ist von Beruf Stuntman und Entwickler von Spezialeffekten für Filme. Durch seine beruflichen Tätigkeiten ist ******* ein Experte im Bereich der Illusionen, Hologramme, Hypnose und Chemie; entgegen seiner Selbstdarstellung besitzt Quentin Beck keine übernatürlichen Fähigkeiten. ****** trägt neben einem grünen Kampfanzug einen Helm aus Plexiglas, der mit einem holografischen Projektor ausgestattet ist. Außerdem steht ihm eine Reihe von anderen technischen Gimmicks zu Verfügung Mysterio
28%
Er trat zum ersten Mal in Amazing Spider-Man #14 auf (Juli 1964). Der skrupellose Geschäftsmann Norman Osborn, der Vater von Harry Osborn, dem besten Freund Peter Parkers, findet in den Unterlagen seines Kollegen Dr. Stromm die Formel für ein experimentelles Serum, das Körperkraft und Reflexe steigern soll. In seiner Machtgier will er es an sich selbst testen, aber die instabile grüne Flüssigkeit explodiert in der Nähe seines Gesichtes. Er erhält zwar die erwünschten Fähigkeiten, doch das Serum kostet ihn auch den Verstand. Er wird von dem Gedanken beseelt, die New Yorker Unterwelt anzuführen, und entwirft ein Halloween-Kostüm, das an einen Kobold erinnert, sowie einen drachenähnlichen Gleiter, der es ihm ermöglicht zu fliegen. Zusätzlich entwickelt er Granaten, die das Aussehen brennender Kürbisse haben, und Wurfmesser in Form von Fledermäusen. Sein Hauptwunsch ist es, den berühmten Spider-Man zu besiegen Grüner Kobold
26%
einer der ältesten und mächtigsten Erzfeinde von Iron Man. Er stammt aus einer alten und reichen chinesischen Familie, die angeblich von Dschingis Khan selbst abstammt. Durch die Kulturrevolution verlor die Familie ihren Reichtum. Besessen von dem Gedanken, die Macht seiner Familie wiederherzustellen, erforschte ***** alte Schriften, um hinter das Geheimnis von Dschingis Khans Macht zu kommen. Sein Weg führte ihn schließlich ins Tal der Geister; dort entdeckte er das Grab eines alten Mongolenfürsten. In diesem Grab fand er ein altes außerirdisches Schiff und darin zehn „magische Ringe“. Er studierte viele Jahre lang die Technologie des Schiffes und lernte, die Macht der Ringe zu nutzen, die aus einer speziellen Eigenschaft je Ring besteht (z. B. Hitze-Emission, Materie-Umgestaltung, Desintegrations-Strahlen etc.) Mandarin
25%
zählt zu den stärksten, wie auch zu den dümmlichsten Gegnern von Spider-Man und erschien erstmals in Amazing Spider-Man #41 (Oktober 1966). Sein bürgerlicher Name lautet Aleksei Mikhailovich Sytsevich. Er kam als russischer Immigrant in die USA. Er meldete sich freiwillig für ein Experiment, bei dem seine Haut mit einem superstarken Polymer beschichtet und gehärtet wurde und eine Zunahme an Stärke und Geschwindigkeit gewährleistete. Seine enorme Stärke ist allerdings antiproportional zu seinem Verstand Rhino
24%
wuchs als Sohn einer selbstgefälligen Mutter und eines brutalen Vaters auf und wurde ein zurückgezogen lebender, aber brillanter Atomwissenschaftler. Um mit radioaktiven Materialien gefahrlos hantieren zu können, entwickelt er einen Brustharnisch mit Greifarmen (Tentakeln) Dr. Octopus
23%
basierend auf der gleichnamigen Inkarnation des Teufels, ist der Herrscher der Hölle und der Erschaffer des Ghost Riders Mephisto
21%
einer von Spider-Mans tragischsten Feinden. ***** war ein berühmter aber schwerkranker Forscher, der sich auf Fledermäuse und Blutbehandlung spezialisiert hatte. Um sein Leben zu verlängern, führte er ein Selbstexperiment mit radioaktivem Vampirfledermausblut durch in der Hoffnung, damit seine seltene, tödliche Blutkrankheit zu heilen. Er mutierte allerdings zu einem „Pseudo-Vampir“, der nur dadurch überlebt, dass er menschliches Blut aufnimmt Morbius
21%
der Name für mehrere Superschurken, die als Hauptwaffe ein Paar hochtechnisierter Peitschen einsetzen der erste war ein ehemaliger Elektroingenieur namens Mark Scalotti, der sich mit den von ihm erfundenen Peitschen einem Verbrecherleben zuwandte und einer von Iron Mans Erzfeinden wurde (Tales of Suspense #97, 1968). Neben einem jungen russischen Wissenschaftler namens Anton Vanko Whiplash
21%
ein biochemisches Genie, welches bereits in den frühen 30er Jahren mit streng geheimen Gen- und Klonforschungen experimentiert. Daraus folgt, dass er über seinen Tod hinaus sein gesammeltes Wissen in einem mechanischen Wirt digital hinterlässt, sodass sein Wirt sich verschieden entwickelt und mit besonderen Eigenschaften versehene Duplikate erzeugen kann Arnim Zola
19%
ein russischer Großwildjäger, der es sich zum Lebensziel gemacht hat, Spider-Man zu erlegen Kraven the Hunter
19%
einer der brillanten Wissenschaftler des Dritten Reichs und gehört zu Captain Americas Erzfeinden während des Zweiten Weltkrieges. Er entwickelt den Klebstoff X. Bei einem Überfall von Captain America auf sein Labor kommt es zu einem Kampf zwischen den beiden Baron Zemo I
17%
der Sohn des Nazi-Wissenschaftlers Heinrich Zemo. Bei einer Auseinandersetzung mit Captain America stürzt Zemo versehentlich in einen Bottich mit dem Klebstoff X. Er überlebt zwar, aber mit schrecklichen Narben im Gesicht. Zemo lebt lange Zeit ein normales Leben, bis er von der Wiederentdeckung von Captain America erfährt. Zusammen mit der Enchantress und anderen Superschurken gründet er die Masters of Evil und tritt mehrmals gegen die Avengers und Captain America an Baron Zemo II
17%
ist einer von Spider-Mans ersten und ältesten Gegnern. Der brillante Elektronik-Ingenieur Adrian Toomes entwickelt eine Vorrichtung mit einem anti-polarisierten Magnetfeld, die es einem Menschen erlaubt, wie ein Vogel mit minimalem Kraftaufwand zu fliegen Der Geier
16%
war das Ergebnis eines Forschungsexperiments, als Wissenschaftler versuchten, zwei Planeten zu verschmelzen, deren Sonne dann allerdings explodierte Ego, der lebende Planet
16%
ist ein Gegner von Daredevil. Seine Identität ist unbekannt. Er besitzt keine Superkräfte, ist jedoch ein hervorragender Kämpfer und durch sein perfektes Zielvermögen in der Lage, nahezu jeden Gegenstand als tödliche Waffe einzusetzen; außerdem ist sein Skelett mit Adamantium überzogen (ähnlich wie bei Wolverine) Bullseye
14%
war Techniker bei der Verbrecherorganisation A.I.M. Für einen Vorgesetzten führte er Experimente zur Steigerung der Gehirnleistung durch. Eines Tages wurde er dabei selber zum Versuchsobjekt, bei dem man Tarleton in ein Superhirn verwandeln wollte. Doch was sie erschufen, konnte A.I.M. nicht mehr kontrollieren. Mit seinen geistig unfassbaren Kräften zwang er seine Vorgesetzten in die Knie und brachte die gesamte Organisation unter seine Kontrolle M.O.D.O.K.
14%
einer der Hauptgegner von Tony Stark alias Iron Man. Er war lange Zeit Starks größter Geschäftskonkurrent. Allerdings fehlt es ihm an Starks technischen Genie, was **** mit seiner Skrupellosigkeit wieder wettmacht Justin Hammer
12%
besitzt „fotografische Reflexe“ (ähnlich einem fotografischen Gedächtnis), die es ihm ermöglichen, sich an jede Bewegung, die er jemals gesehen hat, zu erinnern und diese selber auszuführen. Diese Fähigkeit verschaffte ihm einen Job als S.H.I.E.L.D.-Agent, wo er sich eines Tages eine Version des Supersoldatenserums verabreichte. Dies verbesserte zwar seine Kräfte, sorgte aber gleichzeitig dafür, dass durch die Aneignung neuer Fähigkeiten seine Erinnerungen überschrieben wurden. Dadurch vergaß er allmählich seine Identität und Arbeit bei S.H.I.E.L.D., was zu einem Moralwandel führte Taskmaster
11%
ein entfernter Nachkomme in der Zukunft von Mr. Fantastic von den Fantastischen Vier Kang der Eroberer
10%
Dr. Farley Stillwell bestrahlt ihn auf Befehl von Jonah Jameson mit Skorpion-DNS und radioaktiver Strahlung. Dadurch bekommt er übermenschliche Kräfte. Schon als bloßer Mensch war er skrupellos und gierig, und durch seine Mutation wurde er noch dazu psychotisch und sehr leicht reizbar. Schließlich wendet er sich gegen Jameson, der ihn zu dem gemacht hat was er ist, und wird ein Superschurke und Gegner von Spider-Man Der Skorpion
9%
eine mächtige Zauberin und Erzfeindin von Thor. Ihre Herkunft ist unbekannt, alles, was man weiß, ist, dass sie die Schwester der Germanischen Sagengestalt Lorelei ist Enchantress
8%
ist neben General „Thunderbolt“ Ross einer der größten Gegner des Hulks. Er ist ein kriminelles, wahnsinniges Genie und versucht sowohl den Hulk zu töten, als auch dessen Kraft für seine Zwecke zu missbrauchen Leader
7%
Er wurde von den weisen genau wie Dr.Strange unterrichtet aber wollte immer mehr Macht Baron Mordo
6%
ist von dem Gedanken besessen, Superkräfte zu haben. Eines Tages findet er ein altes Versteck des Grünen Kobolds, angefüllt mit Waffen und Ausrüstung Hobgoblin
6%
ein Dämon und einer der größten Feinde des Ghost Riders. Er ist Sohn von Mephisto, dem Schöpfer des Ghost Riders, der unter anderem geschaffen wurde, um **** in Schach zu halten Blackheart
4%
ein Gegner von Spider-Man. Sein richtiger Name ist Dimitri Smerdyakov, er ist der Halbbruder von Sergei Kravinoff, dem späteren Kraven the Hunter. Chamäleon
4%
der Sohn von Wolverine und der Japanerin Itsu, die vor dessen Geburt vom Winter Soldier getötet wird. Da Daken dies ohne das Wissen seines Vaters überlebt, wächst er als Akihiro bei einem japanischen Paar auf. **** ist wie sein Vater ein Mutant und hat von ihm neben dem erhöhten Heilungsfaktor auch die ausfahrbaren Krallen vererbt bekommen Daken
4%
Während er als Besatzungsmitglied eines Frachters einen Testgenerator ins Meer ließ, wurde Morris Bench versehentlich von Spider-Man über Bord geworfen. Der enorme Energieausstoß des Generators in Verbindung mit Vulkangasen aus dem Meeresboden verwandelte Bench in eine lebende Flüssigkeit, wobei er trotzdem seine wahre Gestalt (als Morris Bench) annehmen kann Hydro-Man
4%
war ein Killer, der im hohen Alter verstarb, jedoch vom Kingpin als Cyborg wiederbelebt wurde um Dagger zu holen, die das Licht verkörperte. Mit diesem Licht wollte der Kingpin seine sterbende Frau Vanessa retten (was ein wenig auf Mr. Freeze angespielt sein könnte). Silvermane gierte selbst nach dem Licht von Dagger und geriet außer Kontrolle, als sein Chef mithilfe von Agent Antwort Dagger selbst entführte Silvermane
4%
ist ein Gegner von Spider-Man. Lonnie Lincoln war der einzige Albino in Harlem und begann, andere Kinder zu verprügeln und auszurauben. Als er erwachsen war, arbeitete Lincoln für das Verbrechersyndikat. Als er in deren Auftrag in eine Chemiefabrik einbrach, kam es zu einem Unfall, bei dem seine Haut steinhart wurde. Sie ist derart stark, dass Spider-Man sich die Hand brach, als er ****** zum ersten Mal schlug Tombstone
4%
ist ein außerirdischer Kriegsherr, der sogar Thanos an Wahnsinn übertrifft. Er will mit seiner Insekten-Armee das ganze Universum erobern und besitzt einen Kontrollstab, welcher ihm erlaubt, kosmische Energie zu manipulieren. Er ist einer der Erzfeinde der Fantastic Four und fürchtet nur den Tod Annihilus
3%
Bei einem Laborunfall erhielt der Wissenschaftler Franklin Hall die Fähigkeit, die Gravitation zu kontrollieren und Gravitationsstrahlen zu verschießen. Er kämpfte des Öfteren gegen die Avengers und einige Male gegen Spider-Man Graviton
3%
Nazi-Kriegsverbrecher und ein Erzfeind von Captain America Baron Wolfgang von Strucker
2%
ein Wissenschaftler im Dienste des Kingpin. Er erhielt von diesem den Auftrag, ein Duplikat des Superhelden Cloak zu schaffen, und erschuf während seiner Experimente unbeabsichtigt ein schwarzes Loch, durch das er stieg und somit in eine andere Dimension überging. Als Ohnn die Dimension (einen weißen Raum mit schwarzen Punkten) wieder verließ war ***** geboren. Der Punkt
2%
nachdem er bei der türkischen Invasion von Transsilvanien schwer verwundet worden ist. Später übernimmt er nach einem Zweikampf mit dem Herrscher der Vampire, Nimrod, die Herrschaft über die Blutsauger, die schon seit atlantäischen Zeiten auf der Erde existieren Graf Dracula
2%
ein vom Wissenschaftler und Superschurken Arnim Zola geschaffener Klon von Adolf Hitler und ein Gegner der Fantastischen Vier. Er benutzte den Hate-Ray, eine spezielle, Hass erzeugende Strahlenwaffe, um Leute gegeneinander aufzuwiegeln und die Weltherrschaft erlangen zu können. Durch die Unterstützung von Nick Fury konnten die Helden ihn aufhalten, wobei er von ein paar seiner eigenen versehentlich mit dem Hate-Ray getroffenen Soldaten erschossen wurde Hate-Monger
2%
Intellektuell unterfordert begann er eine Karriere als Schachspieler und später Bühnenmagier, wodurch er sein Pseudonym erhielt. Als ihm die neu gebildeten Fantastischen Vier durch ihre Heldentaten mehr und mehr die Aufmerksamkeit stahlen, erwuchs der Neid in ihm und er erkor sich das Superheldenteam, insbesondere deren gefeiertes jüngstes Mitglied, die menschliche Fackel, als seine Erzfeinde aus. In der Folge gelang es ihm mehrmals, die menschliche Fackel zu fangen und ihr mehrere Verbrechen anzuhängen, die jedoch stets aufgelöst wurden. Wittman gründete schließlich die Furchtbaren Vier (Original: Frightful Four), das Schurken-Pendant zu den Fantastischen Vier, bestehend aus dem Trapster, Medusa und Sandman. Dank seines Erfindergeistes konnte er die Fantastischen Vier stets mit technologisch hoch entwickelten Waffen bekämpfen, wie den „Antischwerkraftscheiben“ und den „Wunderhandschuhen“ Wizard
2%
ein Wesen, das von den Japanern als Gott der Dunkelheit und des Chaos bezeichnet wird Amatsu-Mikaboshi
1%
ein General der US-amerikanischen Streitkräfte und hat das gleiche Ziel wie General „Thunderbolt“ Ross: Hulk unschädlich zu machen. Allerdings geht er dabei deutlich skrupelloser ans Werk und ist für mehrere illegale Gammaexperimente an seinen Soldaten verantwortlich. Er ist auch verantwortlich für die Kreation des Gamma Corps, einer Elite aus Antihelden, die Hulk aus den unterschiedlichsten Gründen hassen General Ryker
1%
ein vampirartiger Mann, der Leute mit „Totemkräften“ – Superkräften, die ein Tiermotiv haben – jagt, allen voran Spider-Man. Er taucht zum ersten Mal in The Amazing Spider-Man # 30 (Juni 2001) auf, wo er Spider-Man verfolgt, als dieser im geheimnisvollen Ezekiel, einem älteren Milliardär, der ebenfalls Spinnenkräfte besitzt, einen Mentor findet. Spider-Man schlägt Ezekiels Angebot, ihn in einem Bunker zu verstecken, aus und stellt sich seinem Gegner, der sich aber als überlegen erweist. Als er Ezekiel um Hilfe bittet, erklärt ihm dieser, dass er ihm nicht mehr helfen könne Morlun
1%
wollte alle Dimensionen vernichten und verbündete sich mit dem Kingpin. Er ließ diesen im Glauben, dass er an einer Gedankenkontrolle arbeitet, um an die Weltherrschaft zu kommen. Allerdings hatte er Rechnung ohne den „Jenseitigen“ und Madame Webb gemacht. Diese hatten Scarlet Spider geholfen, den klassischen Spidey, Octo Spidey, Six Armed Spidey, einen kraftlosen Spidey und Armored Spider-Man aus anderen Realitäten zu mobilisieren Spider-Carnage
1%
Keine übereinstimmenden Quizze gefunden
Verteilung der Resultate
Anzahl Personen mit jedem Resultat
Perzentil nach korrekt beantworteten Fragen
Ihre Resultats-Entwicklung
Sie haben dieses Quiz noch nicht gespielt